000 00355 a2200169 4500
001 182206
020 _a85-7232-542-5
040 _cMagnum
100 _aAzevedo, Aluísio
240 1 0 _aCasa de pensão
_lpor
245 1 0 _aCasa de pensão
300 _a278
362 0 _a2003
440 1 _aMartin Claret
697 _aLITERATURA GERAL
942 _cBK
999 _c182206
_d182206